[Event "LTU-chT"]
[Site "Lithuania"]
[Date "2017.01.28"]
[Round "1.9"]
[White "Zygmanta, Eugenijus"]
[Black "Zilinskas, Vaidotas"]
[Result "0-1"]
[WhiteElo "1948"]
[BlackElo "2036"]
[PlyCount "71"]
[EventDate "2017.01.28"]
[EventType "team-swiss"]
[EventRounds "7"]
[EventCountry "LTU"]
[SourceTitle "CBM 176 Extra"]
[Source "ChessBase"]
[SourceDate "2017.03.02"]
[SourceVersion "1"]
[SourceVersionDate "2017.03.02"]
[SourceQuality "1"]
[WhiteTeam "Marijampole Suduva"]
[BlackTeam "Siauliai Drakonas"]
[WhiteTeamCountry "LTU"]
[BlackTeamCountry "LTU"]

1. e4 c6 2. d4 d5 3. Nc3 dxe4 4. Nxe4 Nf6 5. Nxf6+ gxf6 6. Qd3 e5 7. Be3 Be6 8. Nf3 Bg7 9. Be2 Na6 10. 0-0 Nb4 11. Qd2 Nd5 12. Bd3 h6 13. Rfe1 Qc7 14. Nh4 Ne7 15. f4 e4 16. Bxe4 f5 17. Bd3 0-0-0 18. c3 Rhg8 19. Qc2 Qd7 20. Rad1 Bf6 21. Nf3 Bd5 22. Rf1 Kb8 23. Rf2 c5 24. Ne5 Qc8 25. Kf1 c4 26. Be2 Qe6 27. Bf3 Bh4 28. g3 Bxg3 29. hxg3 f6 30. Rg2 fxe5 31. Bxd5 Nxd5 32. Qf2 e4 33. Ke2 Rg4 34. Rdg1 Rdg8 35. Kd1 Qg6 36. Bd2 0-1

[Event "Panevezys op-B"]
[Site "Panevezys"]
[Date "2016.06.10"]
[Round "2"]
[White "Aleksandravicius, Darius"]
[Black "Zilinskas, Vaidotas"]
[Result "0-1"]
[WhiteElo "1748"]
[BlackElo "2083"]
[PlyCount "62"]
[EventDate "2016.06.09"]
[EventType "swiss"]
[EventRounds "7"]
[EventCountry "LTU"]
[SourceTitle "CBM 172 Extra"]
[Source "ChessBase"]
[SourceDate "2016.06.21"]
[SourceVersion "1"]
[SourceVersionDate "2016.06.21"]
[SourceQuality "1"]

1. Nf3 d6 2. d4 g6 3. c4 Bg7 4. Nc3 Nc6 5. e4 Bg4 6. Bd3 e5 7. d5 Nce7 8. h3 Bxf3 9. Qxf3 b6 10. Be3 Nf6 11. 0-0 0-0 12. Qe2 Nd7 13. Rac1 f5 14. f4 exf4 15. Bxf4 Nc5 16. Bb1 a5 17. e5 dxe5 18. Bxe5 Bxe5 19. Qxe5 Nc8 20. Qg3 Nd6 21. b3 Qd7 22. Rce1 Rae8 23. h4 Qg7 24. Kh1 Rxe1 25. Qxe1 Re8 26. Qg3 Qe5 27. Qxe5 Rxe5 28. Rf3 Kg7 29. Kh2 h6 30. g3 Re1 31. g4 fxg4 0-1

[Event "LTU-chT"]
[Site "Lithuania"]
[Date "2016.04.02"]
[Round "6.8"]
[White "Bagdanskis, Dangis"]
[Black "Zilinskas, Vaidotas"]
[Result "0-1"]
[WhiteElo "1490"]
[BlackElo "2101"]
[PlyCount "54"]
[EventDate "2016.01.23"]
[EventType "team-swiss"]
[EventRounds "7"]
[EventCountry "LTU"]
[SourceTitle "EXT 2017"]
[Source "ChessBase"]
[SourceDate "2016.10.25"]
[SourceVersion "1"]
[SourceVersionDate "2016.10.25"]
[SourceQuality "1"]
[WhiteTeam "Siauliai Juventa"]
[BlackTeam "Siauliai Drakonas"]
[WhiteTeamCountry "LTU"]
[BlackTeamCountry "LTU"]

1. d4 d6 2. c3 g6 3. Nf3 Bg7 4. Bf4 c6 5. e3 Qc7 6. h3 Nf6 7. Bd3 0-0 8. Nbd2 Nbd7 9. Qb3 c5 10. Ng5 e5 11. dxe5 dxe5 12. Bh2 Nb6 13. Nc4 Be6 14. Nxe6 fxe6 15. Bxe5 Qc6 16. Nd6 Nfd5 17. Bb5 Qc7 18. Bxg7 Kxg7 19. Nc4 Nxc4 20. Bxc4 Nxe3 21. fxe3 Qg3+ 22. Kd1 Rad8+ 23. Kc1 Qxe3+ 24. Kb1 Qe4+ 25. Kc1 Rf2 26. Qa4 Rdd2 27. Bb3 c4 0-1

[Event "LTU-chT"]
[Site "Lithuania"]
[Date "2016.02.06"]
[Round "3.1"]
[White "Zilinskas, Vaidotas"]
[Black "Pultinevicius, Paulius"]
[Result "1/2-1/2"]
[WhiteElo "2101"]
[BlackElo "2238"]
[PlyCount "68"]
[EventDate "2016.01.23"]
[EventType "team-swiss"]
[EventRounds "7"]
[EventCountry "LTU"]
[SourceTitle "CBM 170 Extra"]
[Source "ChessBase"]
[SourceDate "2016.02.25"]
[SourceVersion "1"]
[SourceVersionDate "2016.02.25"]
[SourceQuality "1"]
[WhiteTeam "Siauliai Drakonas"]
[BlackTeam "Marijampole Mantinga"]
[WhiteTeamCountry "LTU"]
[BlackTeamCountry "LTU"]

1. Nf3 Nf6 2. g3 e6 3. Bg2 Be7 4. 0-0 0-0 5. d4 d5 6. Bg5 Nbd7 7. c3 c5 8. e3 h6 9. Bxf6 Bxf6 10. Nbd2 b6 11. e4 dxe4 12. Nxe4 Bb7 13. Nxf6+ Nxf6 14. dxc5 bxc5 15. Qxd8 Raxd8 16. Rfd1 Rxd1+ 17. Rxd1 Bd5 18. Ne5 Rb8 19. Bxd5 exd5 20. Rd2 Kf8 21. f3 Rc8 22. Kf2 Rc7 23. Re2 a5 24. Ke1 c4 25. Kd1 a4 26. Kc2 Ng8 27. Ng4 Ne7 28. Ne3 Rc5 29. Kc1 f6 30. a3 Kf7 31. Nc2 Nc6 32. f4 h5 33. Kd2 Rb5 34. Kc1 Rc5 1/2-1/2

[Event "LTU-chT"]
[Site "Lithuania"]
[Date "2015.03.29"]
[Round "7.6"]
[White "Zilinskas, Vaidotas"]
[Black "Juknis, Paulius"]
[Result "0-1"]
[WhiteElo "2081"]
[BlackElo "2201"]
[PlyCount "88"]
[EventDate "2015.01.24"]
[EventType "team-tourn"]
[EventRounds "7"]
[EventCountry "LTU"]
[SourceTitle "EXT 2016"]
[Source "ChessBase"]
[SourceDate "2015.10.08"]
[SourceVersion "1"]
[SourceVersionDate "2015.10.08"]
[SourceQuality "1"]
[WhiteTeam "Siauliai Drakonas"]
[BlackTeam "Kaunas Milsa"]
[WhiteTeamCountry "LTU"]
[BlackTeamCountry "LTU"]

1. e4 c5 2. Nc3 Nc6 3. Bb5 Nd4 4. Bc4 e6 5. Nge2 Nf6 6. d3 d5 7. Nxd4 cxd4 8. Bb5+ Ke7 9. e5 Ng8 10. Bd2 dxc3 11. Bxc3 f6 12. Qh5 g6 13. Qh4 Kf7 14. exf6 d4 15. Bd2 Qxf6 16. Qg3 Bg7 17. 0-0-0 Qe5 18. Qxe5 Bxe5 19. f4 Bg7 20. g4 a6 21. Bc4 b5 22. Bb3 Bb7 23. f5 gxf5 24. gxf5 Bd5 25. Rdf1 Nf6 26. fxe6+ Bxe6 27. c4 Rac8 28. Kb1 bxc4 29. Bc2 c3 30. bxc3 dxc3 31. Bg5 Rb8+ 32. Kc1 Rb2 33. Rxf6+ Bxf6 34. Rf1 Kg6 35. Bxf6 Rf8 36. d4+ Rxc2+ 37. Kxc2 Rxf6 38. Rg1+ Kf7 39. Kxc3 Rf2 40. a4 Rxh2 41. Rb1 Rh3+ 42. Kb4 Rb3+ 43. Rxb3 Bxb3 44. Kxb3 h5 0-1

[Event "LTU-chT"]
[Site "Lithuania"]
[Date "2015.02.15"]
[Round "4.9"]
[White "Zilinskas, Vaidotas"]
[Black "Slusnys, Evaldas"]
[Result "1-0"]
[WhiteElo "2081"]
[BlackElo "1948"]
[PlyCount "125"]
[EventDate "2015.01.24"]
[EventType "team-tourn"]
[EventRounds "7"]
[EventCountry "LTU"]
[SourceTitle "EXT 2016"]
[Source "ChessBase"]
[SourceDate "2015.10.08"]
[SourceVersion "1"]
[SourceVersionDate "2015.10.08"]
[SourceQuality "1"]
[WhiteTeam "Siauliai Drakonas"]
[BlackTeam "LASF"]
[WhiteTeamCountry "LTU"]
[BlackTeamCountry "LTU"]

1. e4 c5 2. Nc3 Nc6 3. Bb5 Nd4 4. Bc4 Nf6 5. Nf3 d6 6. Nxd4 cxd4 7. Ne2 Nxe4 8. d3 Nf6 9. Nxd4 g6 10. c3 Bg7 11. Bb5+ Bd7 12. Qf3 Bxb5 13. Nxb5 Qd7 14. Na3 Qc6 15. Qe3 Qd5 16. 0-0 e6 17. h3 0-0 18. Nc2 Rfc8 19. Qe2 Nd7 20. Qe4 Qxe4 21. dxe4 Nf6 22. Re1 d5 23. e5 Nd7 24. Bf4 Rc4 25. Nd4 b5 26. a3 a5 27. Rad1 b4 28. cxb4 axb4 29. b3 Rc3 30. Bd2 Bxe5 31. Bxc3 bxc3 32. Nc2 Bf6 33. Kf1 Nc5 34. b4 Na4 35. Ke2 Nb2 36. Rd3 Kf8 37. Rb1 Ke7 38. f4 Nxd3 39. Kxd3 Kd7 40. Ra1 Ra4 41. Ra2 Kd6 42. Ne1 Kc6 43. Kc2 d4 44. Kb3 Kb5 45. Nd3 Be7 46. Re2 Ra8 47. a4+ Kb6 48. a5+ Ka6 49. Ka4 Rc8 50. b5+ Kb7 51. Kb3 c2 52. Rxc2 Rxc2 53. Kxc2 Bd6 54. Kb3 f6 55. Kc4 e5 56. Kd5 Bc7 57. Nc5+ Ka8 58. b6 Bb8 59. a6 exf4 60. Ne6 Be5 61. b7+ Kb8 62. Nxd4 Bxd4 63. Kxd4 1-0

[Event "LTU-chT"]
[Site "Lithuania"]
[Date "2015.02.14"]
[Round "3.8"]
[White "Stalemekas, Ernestas"]
[Black "Zilinskas, Vaidotas"]
[Result "0-1"]
[WhiteElo "2140"]
[BlackElo "2081"]
[PlyCount "128"]
[EventDate "2015.01.24"]
[EventType "team-tourn"]
[EventRounds "7"]
[EventCountry "LTU"]
[SourceTitle "EXT 2016"]
[Source "ChessBase"]
[SourceDate "2015.10.08"]
[SourceVersion "1"]
[SourceVersionDate "2015.10.08"]
[SourceQuality "1"]
[WhiteTeam "Rokiskis"]
[BlackTeam "Siauliai Drakonas"]
[WhiteTeamCountry "LTU"]
[BlackTeamCountry "LTU"]

1. d4 d6 2. Nf3 g6 3. c4 Bg7 4. e4 Bg4 5. Be2 Nc6 6. d5 Bxf3 7. Bxf3 Nd4 8. Nc3 c5 9. dxc6 Nxc6 10. 0-0 Nf6 11. Qb3 Qc8 12. Be3 0-0 13. Nd5 Re8 14. Rac1 Nd7 15. c5 e6 16. Nb4 dxc5 17. Bxc5 Nxc5 18. Rxc5 Bf8 19. Rc4 Bxb4 20. Rxb4 Nxb4 21. Qxb4 Qc7 22. h4 h5 23. Qd2 Rad8 24. Qe3 Qb6 25. Qg5 Qxb2 26. Bxh5 Qd2 27. Qg3 Qh6 28. Bf3 e5 29. Rb1 Re7 30. h5 Rc8 31. hxg6 Rc1+ 32. Rxc1 Qxc1+ 33. Kh2 Qh6+ 34. Kg1 fxg6 35. Be2 Rh7 36. Bc4+ Kf8 37. Qa3+ Re7 38. Qxa7 Qc1+ 39. Bf1 Qc6 40. Qe3 Kg7 41. g3 b6 42. Bg2 Qc5 43. Qb3 b5 44. Bf1 Rf7 45. Qb2 b4 46. Kg2 Qd4 47. Qc2 Qc3 48. Qe2 Rd7 49. Qb5 Rc7 50. Be2 Qd4 51. Bf3 Rc2 52. Kh3 Rxf2 53. Qb7+ Kh6 54. Qc8 Qa7 55. Kg4 Kg7 56. Qe6 Qc7 57. Bd1 Rf6 58. Qe8 Rf7 59. Bb3 Qd7+ 60. Qxd7 Rxd7 61. Kg5 Rd3 62. Kg4 Kf6 63. Bc2 Re3 64. Bb1 Re2 0-1

[Event "LTU-chT"]
[Site "Lithuania"]
[Date "2014.02.08"]
[Round "3.2"]
[White "Zilinskas, Vaidotas"]
[Black "Ivanauskas, Raimundas"]
[Result "1-0"]
[WhiteElo "2115"]
[BlackElo "1783"]
[PlyCount "48"]
[EventDate "2014.01.25"]
[EventType "team-swiss"]
[EventRounds "7"]
[EventCountry "LTU"]
[SourceTitle "CBM 158 Extra"]
[Source "ChessBase"]
[SourceDate "2014.02.28"]
[SourceVersion "1"]
[SourceVersionDate "2014.02.28"]
[SourceQuality "1"]
[WhiteTeam "Siauliai Drakonas"]
[BlackTeam "Rokiskis"]
[WhiteTeamCountry "LTU"]
[BlackTeamCountry "LTU"]

1. c4 c6 2. g3 Nf6 3. Bg2 d5 4. Qb3 dxc4 5. Qxc4 Nbd7 6. Nf3 Qa5 7. 0-0 Ne5 8. Nxe5 Qxe5 9. d4 Qe6 10. Qc2 Nd5 11. a3 g6 12. e4 Nb6 13. Nc3 Bg7 14. d5 cxd5 15. Nb5 0-0 16. Nc7 Qd7 17. Nxa8 Nxa8 18. exd5 Qb5 19. Re1 Bf5 20. Qe2 Qxe2 21. Rxe2 Bf6 22. Be3 b6 23. Rc1 Be5 24. Bf4 Bd3 1-0

[Event "LTU-chT"]
[Site "Vilnius"]
[Date "2013.02.09"]
[Round "4.1"]
[White "Martinkus, Rolandas"]
[Black "Zilinskas, Vaidotas"]
[Result "1/2-1/2"]
[WhiteElo "2203"]
[BlackElo "2134"]
[PlyCount "148"]
[EventDate "2013.01.19"]
[EventType "team-swiss"]
[EventRounds "7"]
[EventCountry "LTU"]
[SourceTitle "CBM 152 Extra"]
[Source "ChessBase"]
[SourceDate "2013.02.25"]
[SourceVersion "1"]
[SourceVersionDate "2013.02.25"]
[SourceQuality "1"]
[WhiteTeam "Marijampole Suduva"]
[BlackTeam "Siauliai Drakonas"]
[WhiteTeamCountry "LTU"]
[BlackTeamCountry "LTU"]

1. Nf3 Nf6 2. g3 d5 3. Bg2 c6 4. c4 dxc4 5. Na3 g6 6. Nxc4 Bg7 7. 0-0 0-0 8. d3 Nbd7 9. Bd2 Re8 10. Rc1 Nf8 11. Ba5 b6 12. Bc3 Bb7 13. b4 Ne6 14. Bh3 Nc7 15. Qb3 c5 16. bxc5 Bxf3 17. exf3 bxc5 18. Ba5 Nfd5 19. f4 Bd4 20. Bg2 Rb8 21. Qa4 Nb6 22. Qc6 Ne6 23. Rb1 Qc8 24. Bxb6 axb6 25. Rxb6 Qxc6 26. Bxc6 Rxb6 27. Bxe8 Ra6 28. a4 Nc7 29. Bb5 Re6 30. Rd1 Re2 31. Rd2 Re1+ 32. Kg2 Ra1 33. Bc6 Na6 34. Bb7 Nb4 35. a5 e6 36. Bf3 Bc3 37. Rd1 Ra2 38. Bb7 Bd4 39. Rd2 Ra1 40. Bf3 Bc3 41. Rd1 Ra2 42. g4 Nd5 43. Bxd5 exd5 44. Ne3 Bd4 45. Nxd5 Rxa5 46. Ne7+ Kf8 47. Nc6 Ra4 48. Nxd4 Rxd4 49. Kf3 c4 50. g5 cxd3 51. Ke3 Ra4 52. Rxd3 Kg7 53. h4 h6 54. Kf3 hxg5 55. hxg5 Ra5 56. Kg4 Ra4 57. Rd6 Re4 58. Rf6 Ra4 59. Kg3 Ra3+ 60. f3 Ra5 61. Rb6 Rc5 62. Rb8 Ra5 63. Re8 Rb5 64. Re5 Rb7 65. f5 gxf5 66. Rxf5 Rb4 67. f4 Rb3+ 68. Kg4 f6 69. Ra5 fxg5 70. Kxg5 Rb7 71. Ra6 Rc7 72. f5 Rb7 73. Rg6+ Kf7 74. Ra6 Kg8 1/2-1/2